[Event "Montcalm II 2006-07"]
[Site "Quebec CAN"]
[Date "2006.10.12"]
[Round "1"]
[White "Oliver, Vance"]
[Black "Dumont, Eric"]
[Result "0-1"]
[WhiteElo "1481"]
[BlackElo "1599"]
[PlyCount "48"]
[EventDate "2006.10.12"]
[EventType "tourn"]
[EventRounds "5"]
[EventCountry "CAN"]

1. e4 d5 2. exd5 Nf6 3. Nf3 Nxd5 4. Bc4 Nc6 5. c3 Nf4 6. O-O e6 7. d4 Bd6 8.
Nbd2 Na5 9. Ne5 Nxc4 10. Ndxc4 Bxe5 11. Nxe5 Nd5 12. Qg4 Rg8 13. Re1 Nf6 14.
Qh4 b6 15. c4 Bb7 16. d5 Qe7 17. Bf4 Nxd5 18. Qxh7 Nf6 19. Qd3 Rd8 20. Qc2 g5
21. Qa4+ Kf8 22. Bd2 Rxd2 23. Qxa7 Be4 24. f3 Qc5+ 0-1

[Event "Montcalm II 2006-07"]
[Site "Quebec CAN"]
[Date "2006.10.12"]
[Round "1"]
[White "Sauve, Richard"]
[Black "Moisan, Francois"]
[Result "1-0"]
[WhiteElo "2014"]
[BlackElo "1791"]
[PlyCount "83"]
[EventDate "2006.10.12"]
[EventType "tourn"]
[EventRounds "5"]
[EventCountry "CAN"]

1. d4 Nf6 2. c4 g6 3. Nc3 Bg7 4. e4 d6 5. f3 O-O 6. Be3 Nc6 7. Nge2 e5 8. Qd2
a6 9. d5 Ne7 10. g4 b5 11. Ng3 bxc4 12. g5 Nd7 13. Bxc4 Nb6 14. Be2 c6 15.
O-O-O cxd5 16. exd5 Bb7 17. Bxb6 Qxb6 18. Nge4 f5 19. gxf6 Bxf6 20. Nxf6+ Rxf6
21. Qg5 Raf8 22. f4 Qe3+ 23. Kb1 Qxf4 24. Qg2 Qb4 25. Rhf1 Rxf1 26. Rxf1 Rxf1+
27. Qxf1 Nf5 28. Bxa6 Bxa6 29. Qxa6 Qf4 30. a4 Qxh2 31. a5 Nd4 32. Qd3 Nb3 33.
a6 e4 34. Nxe4 Qg1+ 35. Kc2 Na1+ 36. Kd2 Qg2+ 37. Kc3 Qg1 38. Nxd6 Qc1+ 39. Kd4
Qxb2+ 40. Ke4 Qg2+ 41. Qf3 Qc2+ 42. Ke5 1-0

[Event "Montcalm II 2006-07"]
[Site "Quebec CAN"]
[Date "2006.10.19"]
[Round "2"]
[White "Bender, Karl"]
[Black "Perreault, Jacquelin"]
[Result "0-1"]
[WhiteElo "1577"]
[BlackElo "1764"]
[PlyCount "90"]
[EventDate "2006.10.12"]
[EventType "tourn"]
[EventRounds "5"]
[EventCountry "CAN"]

1. d4 e6 2. Nf3 Nf6 3. g3 b6 4. Bg2 Bb7 5. O-O d5 6. b3 c5 7. Bb2 Bd6 8. Nbd2
O-O 9. c4 cxd4 10. cxd5 Bxd5 11. Bxd4 Nbd7 12. Rc1 Ba3 13. Rc2 Rc8 14. Rxc8
Qxc8 15. Nb1 Bc5 16. Nc3 Bxd4 17. Qxd4 Qc5 18. Qxc5 Nxc5 19. Nd2 Bxg2 20. Kxg2
Rd8 21. Nc4 Kf8 22. Rd1 Rxd1 23. Nxd1 Ke7 24. Nc3 Nfe4 25. Nd1 f6 26. f3 Nd6
27. Ndb2 b5 28. Nd2 Nf5 29. Kf2 Nd4 30. Nd3 Nxd3+ 31. exd3 f5 32. Ke1 Nc2+ 33.
Ke2 Nb4 34. a4 a6 35. axb5 axb5 36. Nb1 Kd6 37. Kd2 Kc5 38. Nc3 Nd5 39. d4+ Kb4
40. Nxd5+ exd5 41. Kc2 Ka3 42. h3 g5 43. Kc3 b4+ 44. Kc2 Ka2 45. f4 gxf4 0-1

[Event "Montcalm II 2006-07"]
[Site "Quebec CAN"]
[Date "2006.10.19"]
[Round "2"]
[White "Caron, Sebastien"]
[Black "Lapierre, Gaetan"]
[Result "1-0"]
[WhiteElo "1932"]
[BlackElo "1860"]
[PlyCount "113"]
[EventDate "2006.10.12"]
[EventType "tourn"]
[EventRounds "5"]
[EventCountry "CAN"]

1. d4 Nf6 2. Nc3 d5 3. Bg5 Nbd7 4. e3 c6 5. Nf3 h6 6. Bh4 g5 7. Bg3 Qa5 8. Bd3
b5 9. Qd2 b4 10. Ne2 Ne4 11. Bxe4 dxe4 12. Ne5 Nxe5 13. Bxe5 f6 14. Bg3 e6 15.
O-O Ba6 16. a3 Qb5 17. Rfe1 Qb6 18. axb4 Bxb4 19. c3 Be7 20. b4 Bc4 21. Qc2 f5
22. Be5 O-O 23. Ng3 Bf6 24. Bd6 Rfe8 25. Qd1 Qd8 26. Nh5 Bh8 27. Be5 a6 28. Qa4
Rc8 29. Qa5 Qxa5 30. Rxa5 Kf7 31. Bxh8 Rxh8 32. Rc5 Bd3 33. Ra1 Rc7 34. h3 Rb8
35. Raa5 Rb5 36. g4 Rxa5 37. Rxa5 Kg6 38. Re5 Bc4 39. Ng3 Rf7 40. Rc5 Bb5 41.
c4 Ba4 42. Re5 Rf6 43. Nh5 Rf7 44. Rxe6+ Kh7 45. Nf6+ Kh8 46. gxf5 Rb7 47. Nxe4
Rxb4 48. Rxh6+ Kg7 49. Rg6+ Kf8 50. Rxg5 Bc2 51. Nd6 Ke7 52. c5 a5 53. Rg7+ Kf6
54. Ra7 a4 55. h4 Rb1+ 56. Kg2 Bxf5 57. Nxf5 1-0

[Event "Montcalm II 2006-07"]
[Site "Quebec CAN"]
[Date "2006.10.19"]
[Round "2"]
[White "Chiffot, Nicolas"]
[Black "Sauve, Richard"]
[Result "0-1"]
[WhiteElo "1790"]
[BlackElo "2014"]
[PlyCount "52"]
[EventDate "2006.10.12"]
[EventType "tourn"]
[EventRounds "5"]
[EventCountry "CAN"]

1. d4 e6 2. Nf3 d5 3. e3 c6 4. Bd3 f5 5. c4 Nf6 6. b3 Bd6 7. Ba3 Bxa3 8. Nxa3
Qa5+ 9. Qd2 Qxa3 10. O-O O-O 11. b4 a5 12. Rfb1 axb4 13. Rb3 Qxb3 14. axb3
Rxa1+ 15. Ne1 Na6 16. f3 c5 17. Kf2 cxd4 18. exd4 Ne4+ 19. fxe4 fxe4+ 20. Kg3
exd3 21. Nxd3 Ra3 22. Qc2 Bd7 23. Ne5 Ba4 24. Qd1 Bxb3 25. Qg4 Bd1+ 26. Nf3 Nc7
0-1

[Event "Montcalm II 2006-07"]
[Site "Quebec CAN"]
[Date "2006.10.19"]
[Round "2"]
[White "Moisan, Francois"]
[Black "Auger, Bertrand"]
[Result "1-0"]
[WhiteElo "1791"]
[BlackElo "2050"]
[PlyCount "59"]
[EventDate "2006.10.12"]
[EventType "tourn"]
[EventRounds "5"]
[EventCountry "CAN"]

1. e4 e6 2. d4 d5 3. e5 b6 4. Nf3 Ne7 5. Bd3 Ba6 6. O-O Bxd3 7. Qxd3 c5 8. c3
Nbc6 9. Be3 Nf5 10. Nbd2 Be7 11. a3 O-O 12. Rae1 h5 13. h3 h4 14. Kh2 g6 15. g4
hxg3+ 16. fxg3 Kg7 17. Re2 c4 18. Qc2 Rh8 19. Bf2 Qg8 20. g4 Qh7 21. Ng1 Nh6
22. Kg3 g5 23. Qxh7+ Rxh7 24. Ndf3 Kg6 25. Be3 f5 26. exf6 Bxf6 27. Bxg5 Bxg5
28. Rxe6+ Bf6 29. Rxc6 Nf7 30. Ne5+ 1-0

[Event "Montcalm II 2006-07"]
[Site "Quebec CAN"]
[Date "2006.10.19"]
[Round "2"]
[White "Oliver, Vance"]
[Black "Bisson, Real"]
[Result "0-1"]
[WhiteElo "1481"]
[BlackElo "1660"]
[PlyCount "79"]
[EventDate "2006.10.12"]
[EventType "tourn"]
[EventRounds "5"]
[EventCountry "CAN"]

1. e4 c6 2. Nf3 d5 3. e5 Bf5 4. d4 e6 5. Nbd2 Nd7 6. Be2 g5 7. h4 g4 8. Ng5 h5
9. Nb3 f6 10. Bd3 fxg5 11. Bxf5 exf5 12. hxg5 Be7 13. g6 Bg5 14. Qd3 Qe7 15.
Qxf5 Bxc1 16. Rxc1 O-O-O 17. Rxh5 Rf8 18. Qg5 Qxg5 19. Rxg5 Rf4 20. Ke2 Rh2 21.
Rg1 Nf8 22. g7 Ne6 23. Rg6 Re4+ 24. Kd1 Nd8 25. c3 Rf4 26. Nc5 Rh7 27. e6 Rxf2
28. Re1 Ne7 29. Rxg4 Rxb2 30. g8=Q Nxg8 31. Rxg8 Re7 32. Rf1 Kc7 33. Rf6 Rxa2
34. g4 b6 35. Nd3 Nxe6 36. Ne5 Rg2 37. Ng6 Rg7 38. Rxe6 Rxg8 39. Re7+ Kd6 40.
Rxa7 0-1

[Event "Montcalm II 2006-07"]
[Site "Quebec CAN"]
[Date "2006.10.26"]
[Round "3"]
[White "Auger, Bertrand"]
[Black "Chiffot, Nicolas"]
[Result "1/2-1/2"]
[WhiteElo "2050"]
[BlackElo "1790"]
[PlyCount "94"]
[EventDate "2006.10.12"]
[EventType "tourn"]
[EventRounds "5"]
[EventCountry "CAN"]

1. Nf3 Nf6 2. g3 g6 3. b4 Bg7 4. Bb2 d6 5. Bg2 c6 6. O-O a5 7. a3 axb4 8. axb4
Rxa1 9. Bxa1 Qb6 10. c3 e5 11. d3 O-O 12. Nbd2 h6 13. Qc2 Be6 14. c4 Qxb4 15.
Rb1 Qa3 16. Bc3 Qa7 17. h3 Nh5 18. Nf1 f5 19. Qb2 Rf7 20. Ra1 Na6 21. Ra5 Qa8
22. c5 e4 23. Nd4 Bd5 24. cxd6 Qf8 25. Qa3 Rd7 26. dxe4 Bxe4 27. Ne6 Qxd6 28.
Nxg7 Qxa3 29. Rxa3 Nxg7 30. f3 Bd5 31. e4 fxe4 32. fxe4 Be6 33. Ne3 Nc7 34. Bf1
Nge8 35. Nc4 Rd1 36. Ne3 Rc1 37. Kf2 Nd6 38. Bg2 Ndb5 39. Bd2 Nxa3 40. Bxc1
Nab5 41. Nc2 Kg7 42. Bb2+ Kf7 43. Nb4 c5 44. Nd5 Nxd5 45. exd5 Bd7 46. Bf1 Bf5
47. Bxb5 Bxh3 1/2-1/2

[Event "Montcalm II 2006-07"]
[Site "Quebec CAN"]
[Date "2006.10.26"]
[Round "3"]
[White "Bisson, Real"]
[Black "Dumont, Eric"]
[Result "1/2-1/2"]
[WhiteElo "1660"]
[BlackElo "1599"]
[PlyCount "80"]
[EventDate "2006.10.12"]
[EventType "tourn"]
[EventRounds "5"]
[EventCountry "CAN"]

1. d4 Nf6 2. c4 g6 3. Nc3 Bg7 4. e4 d6 5. f3 Nbd7 6. Be3 O-O 7. Nh3 c5 8. d5
Ne5 9. Nf2 Qa5 10. Qd2 a6 11. Be2 Rb8 12. O-O b5 13. cxb5 axb5 14. b3 Ba6 15.
Rac1 Rfc8 16. f4 Ned7 17. g4 b4 18. Na4 Bxe2 19. Qxe2 Ne8 20. Rc4 Nc7 21. Nd3
Nb5 22. e5 dxe5 23. fxe5 Nxe5 24. Nxe5 Bxe5 25. Bxc5 Bd6 26. Qf2 Rf8 27. Bb6
Qa8 28. Rc6 Rbc8 29. Qf3 Qb8 30. Qf2 Be5 31. Bc5 Rxc6 32. dxc6 Qc7 33. Re1 Bd6
34. Qd2 Qxc6 35. Qxb4 Bxc5+ 36. Qxc5 Qf3 37. Qxb5 Qxg4+ 38. Kf2 Qh4+ 39. Kf1
Qf4+ 40. Kg2 Qg4+ 1/2-1/2

[Event "Montcalm II 2006-07"]
[Site "Quebec CAN"]
[Date "2006.10.26"]
[Round "3"]
[White "Gagnon, Alain"]
[Black "Bender, Karl"]
[Result "0-1"]
[WhiteElo "1599"]
[BlackElo "1577"]
[PlyCount "95"]
[EventDate "2006.10.12"]
[EventType "tourn"]
[EventRounds "5"]
[EventCountry "CAN"]

1. e4 c5 2. Nf3 d6 3. d4 cxd4 4. Nxd4 Nf6 5. Nc3 g6 6. Be3 Bg7 7. f3 O-O 8. Bc4
Nc6 9. Qd2 Ne5 10. Bb3 Re8 11. O-O-O a6 12. h4 h5 13. Bh6 Bh8 14. Rdg1 Bd7 15.
Rh2 Qb6 16. Be3 Qc7 17. Nd5 Nxd5 18. Bxd5 Rac8 19. g4 hxg4 20. fxg4 Nxg4 21.
Rhg2 e6 22. Bxe6 Bxe6 23. Nxe6 Rxe6 24. Rxg4 Qc4 25. b3 Qc3 26. Qxc3 Rxc3 27.
Bd2 Rh3 28. c4 Bf6 29. Bg5 Bxg5+ 30. hxg5 Re3 31. Rd1 Kf8 32. Kb2 Ke7 33. Rd4
Re5 34. b4 Rh3 35. Rd5 Ke6 36. Rf4 Rxd5 37. exd5+ Ke7 38. Rg4 Re3 39. Kc2 Re5
40. Kd3 b5 41. Re4 bxc4+ 42. Kd4 Rxe4+ 43. Kxe4 f5+ 44. gxf6+ Kxf6 45. Kd4 c3
46. Kxc3 g5 47. Kd4 g4 48. Ke3 0-1

[Event "Montcalm II 2006-07"]
[Site "Quebec CAN"]
[Date "2006.10.26"]
[Round "3"]
[White "Lapierre, Gaetan"]
[Black "Moisan, Francois"]
[Result "1-0"]
[WhiteElo "1860"]
[BlackElo "1791"]
[PlyCount "23"]
[EventDate "2006.10.12"]
[EventType "tourn"]
[EventRounds "5"]
[EventCountry "CAN"]

1. e4 e5 2. Nf3 Nc6 3. Bb5 f5 4. Bxc6 dxc6 5. Nxe5 Nf6 6. exf5 Bxf5 7. O-O Bc5
8. d3 O-O 9. Nf3 Nd5 10. Bg5 Qe8 11. c4 Nf4 12. Bxf4 1-0

[Event "Montcalm II 2006-07"]
[Site "Quebec CAN"]
[Date "2006.10.26"]
[Round "3"]
[White "Sauve, Richard"]
[Black "Caron, Sebastien"]
[Result "1/2-1/2"]
[WhiteElo "2014"]
[BlackElo "1932"]
[PlyCount "118"]
[EventDate "2006.10.12"]
[EventType "tourn"]
[EventRounds "5"]
[EventCountry "CAN"]

1. d4 Nf6 2. c4 g6 3. Nc3 Bg7 4. e4 d6 5. f3 O-O 6. Be3 e5 7. Nge2 Nc6 8. Qd2
Ne8 9. d5 Ne7 10. g4 f5 11. gxf5 gxf5 12. O-O-O Nf6 13. h3 Bd7 14. Kb1 a6 15.
Bh6 f4 16. Bg5 h6 17. Bxf6 Bxf6 18. Nc1 Qe8 19. Nd3 Bh4 20. c5 Kh7 21. Rc1 Rc8
22. Nd1 Bb5 23. cxd6 cxd6 24. Rxc8 Qxc8 25. Rg1 Bg3 26. Qb4 Bxd3+ 27. Bxd3 Qc7
28. Rg2 Rc8 29. Rc2 Qd7 30. Rxc8 Nxc8 31. Bf1 Bh4 32. b3 Qc7 33. Nb2 Bf2 34.
Nc4 Bd4 35. Qd2 b5 36. Na3 Qc3 37. Qxc3 Bxc3 38. Kc2 Bb4 39. Nb1 Kg6 40. a4
bxa4 41. Bxa6 Nb6 42. bxa4 Kg5 43. Kb3 Be1 44. Na3 Kh4 45. Nb5 Kg3 46. Nxd6
Kxf3 47. Bd3 Ke3 48. Kc2 Nxa4 49. Nf7 Nc5 50. Nxe5 Nxe4 51. Nc4+ Kd4 52. d6 Nc5
53. Bf1 f3 54. Kd1 Bh4 55. Kc2 Ne4 56. Nd2 Nxd2 57. Kxd2 Kd5 58. d7 Kc6 59. Ke3
Kxd7 1/2-1/2

[Event "Montcalm II 2006-07"]
[Site "Quebec CAN"]
[Date "2006.11.02"]
[Round "4"]
[White "Bisson, Real"]
[Black "Perreault, Jacquelin"]
[Result "0-1"]
[WhiteElo "1660"]
[BlackElo "1764"]
[PlyCount "106"]
[EventDate "2006.10.12"]
[EventType "tourn"]
[EventRounds "5"]
[EventCountry "CAN"]

1. d4 e6 2. Nf3 Nf6 3. Nbd2 d5 4. e3 b6 5. Bd3 Bb7 6. O-O Bd6 7. c3 O-O 8. Ne5
c5 9. f4 Nfd7 10. Ndf3 f5 11. Ng5 Qe7 12. Nxh7 Kxh7 13. Qh5+ Kg8 14. Ng6 Qe8
15. Qh8+ Kf7 16. Nxf8 Qxf8 17. Qxf8+ Bxf8 18. Rf3 Nf6 19. h3 Ba6 20. Bc2 Nbd7
21. b3 Ne4 22. Bxe4 dxe4 23. Rf2 Nf6 24. c4 Rd8 25. Bb2 b5 26. Rc1 bxc4 27.
bxc4 Nd7 28. g4 Nb6 29. Rfc2 g6 30. g5 Na4 31. Ba1 Bg7 32. h4 cxd4 33. Bxd4
Bxd4 34. exd4 Rxd4 35. c5 Ke7 36. c6 Nb6 37. c7 Kd7 38. Kf2 Rc4 39. Rxc4 Bxc4
40. a4 Ba6 41. Ke3 Nd5+ 42. Kd4 Nxf4 43. Rd1 Kxc7 44. Ke5 Ng2 45. Kxe6 e3 46.
Rd7+ Kb6 47. h5 e2 48. Rd6+ Ka5 49. Rd5+ Kxa4 50. Re5 gxh5 51. g6 e1=Q 52. Rxe1
Nxe1 53. g7 Bc4+ 0-1

[Event "Montcalm II 2006-07"]
[Site "Quebec CAN"]
[Date "2006.11.02"]
[Round "4"]
[White "Caron, Sebastien"]
[Black "Moisan, Francois"]
[Result "1/2-1/2"]
[WhiteElo "1932"]
[BlackElo "1791"]
[PlyCount "73"]
[EventDate "2006.10.12"]
[EventType "tourn"]
[EventRounds "5"]
[EventCountry "CAN"]

1. e4 e5 2. Nf3 Nc6 3. Bb5 a6 4. Ba4 Nf6 5. O-O Be7 6. Re1 b5 7. Bb3 Bb7 8. c3
d5 9. exd5 Nxd5 10. Nxe5 Nxe5 11. Rxe5 Nf4 12. Bxf7+ Kxf7 13. Rf5+ Bf6 14. Rxf4
Qd3 15. Qf1 Be4 16. Rxe4 Qxe4 17. d3 Qf5 18. Be3 Rad8 19. d4 Rhe8 20. Nd2 c5
21. Nf3 cxd4 22. Bxd4 Bxd4 23. Nxd4 Qc5 24. a3 Re4 25. Re1 Rde8 26. Rxe4 Rxe4
27. Qd1 Qe5 28. Nf3 Qe7 29. Qd5+ Kg6 30. g3 Qe6 31. Qg5+ Kf7 32. Qh5+ Kg8 33.
Qg5 h6 34. Qd8+ Kh7 35. Qd3 Kg8 36. Qd8+ Kh7 37. Qd3 1/2-1/2

[Event "Montcalm II 2006-07"]
[Site "Quebec CAN"]
[Date "2006.11.02"]
[Round "4"]
[White "Sauve, Richard"]
[Black "Auger, Bertrand"]
[Result "1/2-1/2"]
[WhiteElo "2014"]
[BlackElo "2050"]
[PlyCount "53"]
[EventDate "2006.10.12"]
[EventType "tourn"]
[EventRounds "5"]
[EventCountry "CAN"]

1. e4 e6 2. d4 d5 3. e5 c5 4. c3 Nc6 5. Nf3 Bd7 6. Be2 cxd4 7. cxd4 Nge7 8. O-O
Nf5 9. b3 Qb6 10. Bb2 Be7 11. g4 Nh4 12. Nxh4 Bxh4 13. Na3 Nb4 14. Nc2 Nxc2 15.
Qxc2 Rc8 16. Qd2 Be7 17. Rac1 O-O 18. Rxc8 Rxc8 19. Rc1 Rxc1+ 20. Bxc1 Bb5 21.
Bd1 f6 22. exf6 gxf6 23. Bc2 Qc7 24. Bxh7+ Kxh7 25. Qh6+ Kg8 26. Qg6+ Kh8 27.
Qh6+ 1/2-1/2

[Event "Montcalm II 2006-07"]
[Site "Quebec CAN"]
[Date "2006.11.09"]
[Round "5"]
[White "Auger, Bertrand"]
[Black "Caron, Sebastien"]
[Result "1-0"]
[WhiteElo "2050"]
[BlackElo "1932"]
[PlyCount "89"]
[EventDate "2006.10.12"]
[EventType "tourn"]
[EventRounds "5"]
[EventCountry "CAN"]

1. d4 Nf6 2. Nf3 d5 3. g3 Bf5 4. Bg2 Nbd7 5. O-O e6 6. c4 c6 7. Nc3 Be7 8. b3
h6 9. Bb2 g5 10. Nd2 Nb6 11. c5 Nbd7 12. e4 Bg4 13. Qe1 O-O 14. f4 Nh7 15. h3
Bh5 16. g4 gxf4 17. gxh5 Bh4 18. Qe2 Bg3 19. exd5 cxd5 20. Nxd5 exd5 21. Bxd5
Qg5 22. Qg4 Ndf6 23. Qxg5+ Nxg5 24. Bg2 Rfe8 25. h4 Nge4 26. Nxe4 Nxe4 27. Rad1
Rad8 28. b4 f5 29. d5 Kf7 30. Rd3 Nf6 31. Rxg3 fxg3 32. Rxf5 Re1+ 33. Bf1 Rxd5
34. Rxf6+ Ke7 35. Rf3 Rdd1 36. Bc3 Re2 37. Rxg3 Rxa2 38. Rg2 Ra3 39. Re2+ Kf7
40. Re1 Rxe1 41. Bxe1 Re3 42. Bf2 Re4 43. b5 Re7 44. Bg2 Rd7 45. c6 1-0

[Event "Montcalm II 2006-07"]
[Site "Quebec CAN"]
[Date "2006.11.09"]
[Round "5"]
[White "Lapierre, Gaetan"]
[Black "Sauve, Richard"]
[Result "1/2-1/2"]
[WhiteElo "1860"]
[BlackElo "2014"]
[PlyCount "74"]
[EventDate "2006.10.12"]
[EventType "tourn"]
[EventRounds "5"]
[EventCountry "CAN"]

1. e4 e6 2. d4 d5 3. e5 c5 4. c3 Nc6 5. a3 Qb6 6. Nf3 Nh6 7. b4 cxd4 8. cxd4
Nf5 9. Be3 f6 10. b5 Nxe3 11. fxe3 Ne7 12. Bd3 Nf5 13. Bxf5 exf5 14. Nc3 Be6
15. O-O Be7 16. Qb3 Qd8 17. Rad1 O-O 18. exf6 Bxf6 19. e4 fxe4 20. Nxe4 Be7 21.
Nc5 Qb6 22. Nxe6 Qxe6 23. Rde1 Qd6 24. Re5 Rad8 25. Qe3 Bf6 26. Re6 Qd7 27. b6
Rfe8 28. Rxe8+ Rxe8 29. Qb3 axb6 30. Qxb6 Re6 31. Qb4 h6 32. Rb1 b6 33. a4 Kh7
34. a5 bxa5 35. Qxa5 Re2 36. Re1 Rxe1+ 37. Qxe1 Qg4 1/2-1/2

[Event "Montcalm II 2006-07"]
[Site "Quebec CAN"]
[Date "2006.11.09"]
[Round "5"]
[White "Moisan, Francois"]
[Black "Chiffot, Nicolas"]
[Result "0-1"]
[WhiteElo "1791"]
[BlackElo "1790"]
[PlyCount "132"]
[EventDate "2006.10.12"]
[EventType "tourn"]
[EventRounds "5"]
[EventCountry "CAN"]

1. e4 e6 2. d4 d5 3. e5 c5 4. c3 Qb6 5. Nf3 Bd7 6. Bd3 Nc6 7. Nbd2 cxd4 8. cxd4
Nxd4 9. Nxd4 Qxd4 10. Nf3 Bb4+ 11. Kf1 Qb6 12. a4 a5 13. h4 Ne7 14. g4 Nc6 15.
Kg2 Bc5 16. Qe2 O-O-O 17. Bd2 f6 18. Rhc1 Kb8 19. Bb5 Nd4 20. Nxd4 Bxd4 21. Bc3
fxe5 22. Bxd4 Qxd4 23. Rc3 Rhf8 24. f3 e4 25. fxe4 Qxe4+ 26. Qxe4 dxe4 27. Re1
Bxb5 28. axb5 Rd2+ 29. Kg3 Rxb2 30. Rxe4 Rxb5 31. Rxe6 Rf7 32. Re8+ Ka7 33. h5
a4 34. Rcc8 Rb3+ 35. Kh4 Rb4 36. Ra8+ Kb6 37. Re6+ Kc7 38. Ree8 Kc6 39. Re6+
Kd7 40. Re5 h6 41. Rd5+ Kc6 42. Rad8 a3 43. R8d6+ Kc7 44. Rg6 Rb6 45. Rxb6 Kxb6
46. Rd3 Kc5 47. Rxa3 b5 48. Ra8 Rb7 49. g5 b4 50. gxh6 gxh6 51. Rc8+ Kb5 52.
Rf8 Rb6 53. Rf5+ Ka4 54. Rf4 Ka3 55. Rg4 b3 56. Rg6 Rxg6 57. hxg6 b2 58. Kh5
b1=Q 59. Kxh6 Qh1+ 60. Kg7 Qh5 61. Kf6 Qh8+ 62. Kf7 Qh5 63. Kf6 Kb4 64. g7 Qe8
65. Kg5 Qg8 66. Kf6 Kc5 0-1

[Event "Montcalm II 2006-07"]
[Site "Quebec CAN"]
[Date "2006.11.09"]
[Round "5"]
[White "Perreault, Jacquelin"]
[Black "Dumont, Eric"]
[Result "1-0"]
[WhiteElo "1764"]
[BlackElo "1599"]
[PlyCount "85"]
[EventDate "2006.10.12"]
[EventType "tourn"]
[EventRounds "5"]
[EventCountry "CAN"]

1. e4 d5 2. exd5 Nf6 3. d4 Nxd5 4. c4 Nb6 5. Nf3 g6 6. Nc3 Bg7 7. Be2 Nc6 8.
Be3 O-O 9. h3 a6 10. Qd2 e5 11. d5 e4 12. Nxe4 Qe7 13. Nc3 Ne5 14. Nxe5 Qxe5
15. O-O Re8 16. Rfe1 Bf5 17. Bd3 Bxd3 18. Qxd3 Qh5 19. Bd4 Qh4 20. Bxg7 Kxg7
21. b3 Nd7 22. Re4 Rxe4 23. Qxe4 Qf6 24. Qe3 Ne5 25. Re1 Re8 26. Ne4 Qf5 27.
Kh1 f6 28. Ng3 Qc2 29. f4 Qxa2 30. fxe5 Rxe5 31. Qc3 Rxe1+ 32. Qxe1 Qxb3 33.
Qe7+ Kh6 34. Qf8+ Kg5 35. Ne4+ Kf5 36. Nxf6 Qxc4 37. Ng4+ Ke4 38. Qe7+ Kd4 39.
Qe5+ Kc5 40. d6+ Kc6 41. dxc7 Kd7 42. Nf6+ Kc8 43. Nd5 1-0

[Event "Montcalm III 2006-07"]
[Site "Quebec CAN"]
[Date "2006.11.16"]
[Round "1"]
[White "Auger, Bertrand"]
[Black "Dumont, Eric"]
[Result "1-0"]
[WhiteElo "2015"]
[BlackElo "1677"]
[PlyCount "73"]
[EventDate "2006.11.16"]
[EventType "swiss"]
[EventRounds "5"]
[EventCountry "CAN"]

1. Nf3 Nf6 2. g3 g6 3. b4 Bg7 4. Bb2 Na6 5. a3 c6 6. Bg2 d5 7. O-O O-O 8. d3
Nc7 9. Nbd2 a5 10. c4 axb4 11. axb4 Bd7 12. Qc2 e6 13. Bc3 dxc4 14. dxc4 Qe7
15. Qb2 Rfd8 16. Ne5 Nfe8 17. Rad1 f6 18. Nxd7 Rxd7 19. Ne4 Rad8 20. Rxd7 Rxd7
21. Nc5 Nd6 22. Nxd7 Qxd7 23. Rd1 Qe7 24. Qa2 f5 25. Bxg7 Kxg7 26. b5 Ne4 27.
Qa1+ Kh6 28. Qe5 cxb5 29. cxb5 b6 30. Bxe4 fxe4 31. Rd6 Nxb5 32. Rxb6 Na7 33.
Rxe6 Qa3 34. Qf4+ Kg7 35. Qf6+ Kh6 36. Qh4+ Kg7 37. Re7+ 1-0

[Event "Montcalm III 2006-07"]
[Site "Quebec CAN"]
[Date "2006.11.16"]
[Round "1"]
[White "Emond, Denis"]
[Black "Bourassa, Andre"]
[Result "0-1"]
[WhiteElo "1153"]
[BlackElo "1743"]
[PlyCount "96"]
[EventDate "2006.11.16"]
[EventType "swiss"]
[EventRounds "5"]
[EventCountry "CAN"]

1. e4 c5 2. Nf3 d6 3. d4 cxd4 4. Nxd4 Nf6 5. Nc3 a6 6. f3 e6 7. a3 Be7 8. Be3
O-O 9. Be2 Bd7 10. Qd2 Qc7 11. g4 Nc6 12. g5 Ne8 13. h4 Nxd4 14. Bxd4 Bc6 15.
O-O-O Rd8 16. Qe3 Qd7 17. e5 d5 18. f4 b5 19. Ne4 dxe4 20. Bb6 Bd5 21. Bxd8
Bxd8 22. Rd2 Qb7 23. Rhd1 Bb6 24. Qg3 Qa7 25. Kb1 Nc7 26. Bf1 a5 27. h5 a4 28.
Qh3 Be3 29. Re2 Bxf4 30. Qg4 Bxe5 31. Bg2 b4 32. Bxe4 Bxb2 33. Bxd5 Nxd5 34.
Rxd5 exd5 35. Kxb2 bxa3+ 36. Kxa3 Ra8 37. Rd2 Qc5+ 38. Qb4 Qe3+ 39. Rd3 Qc1+
40. Qb2 Qxg5 41. Qb7 Qc1+ 42. Qb2 Qxb2+ 43. Kxb2 a3+ 44. Ka2 Kf8 45. Rxd5 Ke7
46. c4 Ke6 47. Rd3 Ra4 48. c5 Rc4 0-1

[Event "Montcalm III 2006-07"]
[Site "Quebec CAN"]
[Date "2006.11.16"]
[Round "1"]
[White "Foucreault, Laurent"]
[Black "Caron, Sebastien"]
[Result "0-1"]
[WhiteElo "1535"]
[BlackElo "1900"]
[PlyCount "62"]
[EventDate "2006.11.16"]
[EventType "swiss"]
[EventRounds "5"]
[EventCountry "CAN"]

1. d4 Nf6 2. Nf3 d5 3. Bf4 Bg4 4. Nbd2 e6 5. e3 Bd6 6. h3 Bh5 7. Be2 Bxf4 8.
exf4 Nbd7 9. Ne5 Bxe2 10. Qxe2 Nxe5 11. fxe5 Nd7 12. Qg4 O-O 13. f4 Qe7 14. f5
exf5 15. Qxf5 Rae8 16. O-O-O a5 17. Rhe1 Nb6 18. Nf3 Nc4 19. Qd3 Qb4 20. Qb3
Re6 21. a3 Qe7 22. Nd2 Rb6 23. Qa2 Rxb2 24. Qa1 Qg5 25. Re2 Re8 26. Rf1 Rb6 27.
Kd1 Nb2+ 28. Ke1 Qh4+ 29. Rff2 Qxd4 30. Nb3 Rxb3 31. Rf3 Nd3+ 0-1

[Event "Montcalm III 2006-07"]
[Site "Quebec CAN"]
[Date "2006.11.16"]
[Round "1"]
[White "Gagnon, Alain"]
[Black "Bonneau, Daniel"]
[Result "0-1"]
[WhiteElo "1571"]
[BlackElo "2032"]
[PlyCount "73"]
[EventDate "2006.11.16"]
[EventType "swiss"]
[EventRounds "5"]
[EventCountry "CAN"]

1. d4 Nf6 2. c4 g6 3. Nc3 Bg7 4. e4 d6 5. f3 O-O 6. Be3 Nc6 7. Qd2 a6 8. O-O-O
Rb8 9. Bh6 e5 10. Bxg7 Kxg7 11. Nge2 b5 12. c5 dxc5 13. dxe5 Qxd2+ 14. Rxd2
Nxe5 15. Nd5 Nxd5 16. Rxd5 f6 17. Nc3 c4 18. Be2 Bb7 19. Rd2 Rbd8 20. Rhd1 Rxd2
21. Rxd2 Rf7 22. f4 Nd7 23. Bf3 Nc5 24. g3 f5 25. Nd5 fxe4 26. Bg4 Nd3+ 27.
Rxd3 cxd3 28. Ne3 h5 29. Bd1 c5 30. b3 Rc7 31. Kd2 a5 32. a4 c4 33. bxc4 bxc4
34. Kc3 Bc8 35. Nxc4 Be6 36. Bb3 Bxc4 37. Bxc4 0-1

[Event "Montcalm III 2006-07"]
[Site "Quebec CAN"]
[Date "2006.11.16"]
[Round "1"]
[White "Sirois, Eric"]
[Black "Plante, Rejean"]
[Result "0-1"]
[WhiteElo "1642"]
[BlackElo "2178"]
[PlyCount "58"]
[EventDate "2006.11.16"]
[EventType "swiss"]
[EventRounds "5"]
[EventCountry "CAN"]

1. e4 c5 2. Nf3 e6 3. d4 cxd4 4. Nxd4 a6 5. Bd3 Nf6 6. Nc3 Qc7 7. Be3 b5 8. Qd2
Bb7 9. f3 b4 10. Nce2 d5 11. e5 Nfd7 12. f4 Nc5 13. O-O Nbd7 14. Nf3 Rc8 15.
Ned4 Ne4 16. Qe2 Ndc5 17. f5 exf5 18. Nxf5 Ne6 19. Rac1 Bc5 20. Kh1 O-O 21.
Bxc5 N6xc5 22. Qe3 Qd7 23. Qf4 Qe6 24. Qg4 g6 25. Nh6+ Kg7 26. Qxe6 fxe6 27.
Ng4 h5 28. Nf2 Nxf2+ 29. Rxf2 Nxd3 0-1

[Event "Montcalm III 2006-07"]
[Site "Quebec CAN"]
[Date "2006.11.23"]
[Round "2"]
[White "Bisson, Real"]
[Black "Sauve, Richard"]
[Result "0-1"]
[WhiteElo "1649"]
[BlackElo "2020"]
[PlyCount "92"]
[EventDate "2006.11.16"]
[EventType "swiss"]
[EventRounds "5"]
[EventCountry "CAN"]

1. e4 e6 2. d4 d5 3. e5 c5 4. c3 Nc6 5. Nf3 Qb6 6. a3 Nh6 7. Be2 cxd4 8. O-O
dxc3 9. Nxc3 Ng4 10. Bf4 Bd7 11. Na4 Qc7 12. Rc1 f6 13. Bg3 Ngxe5 14. Nd4 Qd8
15. f4 Nxd4 16. Qxd4 Nc6 17. Qd1 Bd6 18. Bd3 Qe7 19. Re1 O-O 20. b4 Rac8 21.
Nc5 Bxc5+ 22. Rxc5 Qf7 23. Qb1 g6 24. h4 b6 25. Rc2 Nd4 26. Rd2 Nf5 27. Bf2 h5
28. b5 Rc7 29. a4 Rfc8 30. Bxf5 gxf5 31. Bd4 Qg6 32. Qb2 Kf7 33. Kh2 Rc4 34.
Qb3 Qg4 35. g3 Qg8 36. Qb2 Qd8 37. Re3 Rxa4 38. Rb3 Rac4 39. Qa2 R8c7 40. Rbb2
Qe7 41. Rb3 Qf8 42. Qb2 Kg6 43. Kg2 Qc8 44. Qa3 Rc2 45. Rxc2 Rxc2+ 46. Bf2 Qc5
0-1